[Event "Kharkov Caissa"]
[Site "Kharkov"]
[Date "2010.02.09"]
[Round "1"]
[White "Simantsev, Mikhail"]
[Black "Mazurok, Alexey"]
[Result "1-0"]
[WhiteElo "2501"]
[BlackElo "2417"]
[PlyCount "89"]
[EventDate "2010.02.09"]
[EventType "tourn"]
[EventRounds "9"]
[EventCountry "UKR"]
[EventCategory "7"]
[SourceTitle "CBM 135 Extra"]
[Source "ChessBase"]
[SourceDate "2010.05.04"]
[SourceVersion "1"]
[SourceVersionDate "2010.05.04"]
[SourceQuality "1"]

1. d4 Nf6 2. c4 e6 3. Nc3 Bb4 4. f3 0-0 5. e4 d5 6. e5 Nfd7 7. cxd5 exd5 8. a3 Bxc3+ 9. bxc3 f6 10. exf6 Qxf6 11. Bd3 c5 12. Ne2 Nc6 13. 0-0 cxd4 14. cxd4 Nxd4 15. Bxh7+ Kxh7 16. Qxd4 Qxd4+ 17. Nxd4 Nb6 18. Re1 Bd7 19. Kf2 Rfe8 20. Rxe8 Rxe8 21. g4 Nc4 22. h4 b5 23. Bf4 a5 24. h5 Kg8 25. Kg3 Kf7 26. g5 Rh8 27. g6+ Kf6 28. Kh4 Re8 29. Rg1 Ke7 30. Kg5 Kf8 31. Rh1 Kg8 32. h6 gxh6+ 33. Rxh6 Re7 34. Kf6 Rg7 35. Rh5 Rxg6+ 36. Kxg6 Be8+ 37. Kh6 Bxh5 38. Kxh5 Nxa3 39. Bc1 b4 40. Kg6 Nc4 41. f4 Nd6 42. Nc6 a4 43. Nxb4 d4 44. f5 Nxf5 45. Kxf5 1-0

[Event "Chernigov"]
[Site "Chernigov"]
[Date "2005.01.28"]
[Round "8"]
[White "Mazurok, Alexey"]
[Black "Sushchev, Alexander"]
[Result "1/2-1/2"]
[WhiteElo "2427"]
[BlackElo "2320"]
[PlyCount "29"]
[EventDate "2005.01.22"]
[EventType "tourn"]
[EventRounds "15"]
[EventCountry "UKR"]
[EventCategory "3"]
[SourceTitle "CBM 104 Extra"]
[Source "ChessBase"]
[SourceDate "2005.03.01"]
[SourceVersion "1"]
[SourceVersionDate "2005.03.01"]
[SourceQuality "1"]

1. e4 e5 2. Nf3 Nc6 3. Nc3 g6 4. d4 exd4 5. Nxd4 Bg7 6. Be3 Nf6 7. Qd2 0-0 8. 0-0-0 Ng4 9. Bg5 f6 10. Bf4 Nxd4 11. Qxd4 f5 12. Qc4+ Kh8 13. Bxc7 Qf6 14. Rd2 fxe4 15. Bg3 1/2-1/2

[Event "Chernigov"]
[Site "Chernigov"]
[Date "2005.01.27"]
[Round "7"]
[White "Nosenko, Alexander"]
[Black "Mazurok, Alexey"]
[Result "1-0"]
[WhiteElo "2509"]
[BlackElo "2427"]
[PlyCount "79"]
[EventDate "2005.01.22"]
[EventType "tourn"]
[EventRounds "15"]
[EventCountry "UKR"]
[EventCategory "3"]
[SourceTitle "CBM 104 Extra"]
[Source "ChessBase"]
[SourceDate "2005.03.01"]
[SourceVersion "1"]
[SourceVersionDate "2005.03.01"]
[SourceQuality "1"]

1. d4 Nf6 2. c4 g6 3. Nc3 Bg7 4. e4 d6 5. Be2 0-0 6. Be3 e5 7. Nf3 Nbd7 8. 0-0 Re8 9. d5 Nh5 10. g3 a5 11. a3 Nhf6 12. Nd2 Nc5 13. b4 axb4 14. axb4 Rxa1 15. Qxa1 Na6 16. Rb1 Ng4 17. Bxg4 Bxg4 18. c5 f5 19. f3 f4 20. Bf2 fxg3 21. hxg3 Bc8 22. Be3 Rf8 23. c6 Bf6 24. Nd1 Rf7 25. cxb7 Bxb7 26. b5 Nc5 27. Bxc5 dxc5 28. Qa7 Bc8 29. Qxc5 Bg5 30. Ne3 Qd6 31. Qa7 c5 32. Nec4 Be3+ 33. Kg2 Qf8 34. Qa5 Qh6 35. Rh1 Qg5 36. Nd6 Rd7 37. Nf1 Rxd6 38. Qc7 Qf6 39. Nxe3 Bd7 40. Nc4 1-0

[Event "Chernigov"]
[Site "Chernigov"]
[Date "2005.01.23"]
[Round "2"]
[White "Mazurok, Alexey"]
[Black "Fiodorov, Mikhail"]
[Result "1-0"]
[WhiteElo "2427"]
[BlackElo "2185"]
[PlyCount "81"]
[EventDate "2005.01.22"]
[EventType "tourn"]
[EventRounds "15"]
[EventCountry "UKR"]
[EventCategory "3"]
[SourceTitle "CBM 104 Extra"]
[Source "ChessBase"]
[SourceDate "2005.03.01"]
[SourceVersion "1"]
[SourceVersionDate "2005.03.01"]
[SourceQuality "1"]

1. e4 c5 2. Nf3 d6 3. Bb5+ Nd7 4. d4 cxd4 5. Qxd4 Ngf6 6. Bg5 a6 7. Bxd7+ Nxd7 8. c4 Qa5+ 9. Nc3 Ne5 10. Nxe5 Qxe5 11. Qd2 Bd7 12. 0-0 g6 13. Nd5 Rc8 14. f4 Qe6 15. Qd4 f6 16. Bxf6 exf6 17. Nxf6+ Kf7 18. f5 Qxc4 19. fxg6+ Kxg6 20. Qe3 Qc5 21. Qxc5 dxc5 22. Nxd7 Bg7 23. e5 Rhe8 24. Rae1 Re6 25. Rf3 h5 26. Rg3+ Kh7 27. Rd3 Rc7 28. Rd5 b6 29. Kf2 c4 30. Re3 Kg6 31. Kg3 Kf7 32. Rf3+ Kg6 33. Nf8+ Bxf8 34. Rxf8 c3 35. Rd6 Kg7 36. Rxe6 cxb2 37. Rxb6 b1Q 38. Rxb1 Kxf8 39. Rb3 Rc2 40. Ra3 Rc6 41. Kh4 1-0

[Event "Kiev Independence Cup-A 2nd"]
[Site "Kiev"]
[Date "2002.08.20"]
[Round "8"]
[White "Matorin, Evgeny"]
[Black "Mazurok, Alexey"]
[Result "1/2-1/2"]
[WhiteElo "2340"]
[BlackElo "2442"]
[PlyCount "98"]
[EventDate "2002.08.??"]
[EventType "swiss"]
[EventRounds "11"]
[EventCountry "UKR"]
[SourceTitle "EXT 2003"]
[Source "ChessBase"]
[SourceDate "2002.11.25"]
[SourceVersion "1"]
[SourceVersionDate "2002.11.25"]
[SourceQuality "1"]

1. d4 Nf6 2. Nf3 e6 3. Bf4 c5 4. e3 b6 5. Be2 Bb7 6. h3 Be7 7. 0-0 0-0 8. Nbd2 d6 9. c4 Nbd7 10. Qb1 Re8 11. Rd1 Bf8 12. dxc5 bxc5 13. Nb3 Qb6 14. Qc2 a5 15. Nbd2 a4 16. Rab1 Bc6 17. Ng5 d5 18. cxd5 exd5 19. Ngf3 g6 20. Ne1 Rac8 21. Bf3 Qa5 22. g4 Ne5 23. Bg2 Ba8 24. Rbc1 Nc6 25. Qb1 c4 26. Bg5 Nd7 27. Bf4 a3 28. Nxc4 dxc4 29. Rxd7 axb2 30. Qxb2 Bg7 31. Qb1 Ne5 32. Bxe5 Rxe5 33. Bxa8 Qxa8 34. Qb7 Qxb7 35. Rxb7 Rd5 36. Nf3 c3 37. Rc2 h5 38. Kg2 hxg4 39. hxg4 f5 40. gxf5 gxf5 41. Rb3 Rc4 42. Nd4 f4 43. Rbxc3 Rxc3 44. Rxc3 fxe3 45. fxe3 Bxd4 46. exd4 Rxd4 47. Kf3 Kf7 48. Re3 Ra4 49. a3 Ra6 1/2-1/2

[Event "Kiev Independence Cup-A 2nd"]
[Site "Kiev"]
[Date "2002.08.17"]
[Round "5"]
[White "Mazurok, Alexey"]
[Black "Gritskov, Alexandr"]
[Result "0-1"]
[WhiteElo "2442"]
[BlackElo "2184"]
[PlyCount "50"]
[EventDate "2002.08.??"]
[EventType "swiss"]
[EventRounds "11"]
[EventCountry "UKR"]
[SourceTitle "EXT 2003"]
[Source "ChessBase"]
[SourceDate "2002.11.25"]
[SourceVersion "1"]
[SourceVersionDate "2002.11.25"]
[SourceQuality "1"]

1. d4 Nf6 2. c4 g6 3. Nc3 Bg7 4. e4 d6 5. f4 0-0 6. Nf3 c5 7. d5 a6 8. Bd3 b5 9. cxb5 axb5 10. Nxb5 Nxe4 11. Bxe4 Qa5+ 12. Nc3 Ba6 13. Kf2 Nd7 14. Re1 Nf6 15. Kg1 Rfb8 16. Bd3 c4 17. Bf1 Ng4 18. Nd4 h5 19. h3 Qc5 20. hxg4 Bxd4+ 21. Kh1 hxg4 22. g3 Bb7 23. Qe2 Kg7 24. Qxc4 Qb6 25. Be2 Rc8 0-1

[Event "Kiev Independence Cup-A 2nd"]
[Site "Kiev"]
[Date "2002.08.16"]
[Round "4"]
[White "Savchenko, Yuri"]
[Black "Mazurok, Alexey"]
[Result "1-0"]
[WhiteElo "2139"]
[BlackElo "2442"]
[PlyCount "95"]
[EventDate "2002.08.??"]
[EventType "swiss"]
[EventRounds "11"]
[EventCountry "UKR"]
[SourceTitle "EXT 2003"]
[Source "ChessBase"]
[SourceDate "2002.11.25"]
[SourceVersion "1"]
[SourceVersionDate "2002.11.25"]
[SourceQuality "1"]

1. Nf3 g6 2. c4 Bg7 3. g3 d6 4. Bg2 e5 5. 0-0 Nc6 6. Nc3 f5 7. d3 Nf6 8. Rb1 a5 9. a3 0-0 10. b4 axb4 11. axb4 h6 12. b5 Ne7 13. Qb3 Be6 14. Bb2 g5 15. Ra1 Rc8 16. Ra7 b6 17. Nd2 g4 18. Nd5 h5 19. Nxf6+ Rxf6 20. Rfa1 Rf8 21. Bd5 Nxd5 22. cxd5 Bf7 23. Qc4 Bf6 24. Rc1 Qd7 25. Rxc7 Rxc7 26. Qxc7 Qxc7 27. Rxc7 Bxd5 28. Nc4 Bxc4 29. dxc4 Ra8 30. Bc3 Ra2 31. Rc6 Rc2 32. Bb4 f4 33. gxf4 exf4 34. Bxd6 f3 35. exf3 gxf3 36. h3 Bd4 37. Bg3 Kg7 38. Rd6 Bc5 39. Rd3 Rxc4 40. Rxf3 Rb4 41. Be5+ Kh7 42. Rf7+ Kg6 43. Rf6+ Kh7 44. Kg2 Rxb5 45. f4 Rb1 46. f5 b5 47. Rc6 Rc1 48. Rc8 1-0

[Event "Kiev Independence Cup-A 2nd"]
[Site "Kiev"]
[Date "2002.08.14"]
[Round "2"]
[White "Maly, Alexey"]
[Black "Mazurok, Alexey"]
[Result "1/2-1/2"]
[WhiteElo "2351"]
[BlackElo "2442"]
[PlyCount "29"]
[EventDate "2002.08.??"]
[EventType "swiss"]
[EventRounds "11"]
[EventCountry "UKR"]
[SourceTitle "EXT 2003"]
[Source "ChessBase"]
[SourceDate "2002.11.25"]
[SourceVersion "1"]
[SourceVersionDate "2002.11.25"]
[SourceQuality "1"]

1. d4 Nf6 2. Nf3 g6 3. c4 Bg7 4. Nc3 0-0 5. e4 d6 6. Be2 c5 7. d5 Na6 8. 0-0 Nc7 9. Bf4 a6 10. a4 Bg4 11. h3 Bxf3 12. Bxf3 Nd7 13. Qc2 Rb8 14. a5 Ne5 15. Be2 1/2-1/2

[Event "Kiev Independence Cup-B 2nd"]
[Site "Kiev"]
[Date "2002.08.04"]
[Round "9"]
[White "Pavlov, Sergey"]
[Black "Mazurok, Alexey"]
[Result "1/2-1/2"]
[WhiteElo "2003"]
[BlackElo "2442"]
[PlyCount "21"]
[EventDate "2002.07.??"]
[EventType "swiss"]
[EventRounds "9"]
[EventCountry "UKR"]
[SourceTitle "EXT 2003"]
[Source "ChessBase"]
[SourceDate "2002.11.25"]
[SourceVersion "1"]
[SourceVersionDate "2002.11.25"]
[SourceQuality "1"]

1. e4 e6 2. d4 c5 3. c3 d5 4. exd5 exd5 5. Nf3 Bd6 6. Be3 c4 7. b3 cxb3 8. axb3 Ne7 9. Bd3 Bf5 10. 0-0 0-0 11. Na3 1/2-1/2

[Event "Kiev Independence Cup-B 2nd"]
[Site "Kiev"]
[Date "2002.08.03"]
[Round "8"]
[White "Mazurok, Alexey"]
[Black "Zakharchenko, Arnold"]
[Result "1/2-1/2"]
[WhiteElo "2442"]
[BlackElo "2382"]
[PlyCount "26"]
[EventDate "2002.07.??"]
[EventType "swiss"]
[EventRounds "9"]
[EventCountry "UKR"]
[SourceTitle "EXT 2003"]
[Source "ChessBase"]
[SourceDate "2002.11.25"]
[SourceVersion "1"]
[SourceVersionDate "2002.11.25"]
[SourceQuality "1"]

1. d4 f5 2. Nf3 Nf6 3. g3 e6 4. Bg2 Be7 5. 0-0 0-0 6. c4 c6 7. b3 d5 8. Ba3 Nbd7 9. Bxe7 Qxe7 10. Nbd2 b6 11. Qc2 Bb7 12. Qb2 Rac8 13. Rac1 Ne4 1/2-1/2

[Event "Kiev Independence Cup-B 2nd"]
[Site "Kiev"]
[Date "2002.07.30"]
[Round "4"]
[White "Lewicki, Sergey"]
[Black "Mazurok, Alexey"]
[Result "1/2-1/2"]
[WhiteElo "2197"]
[BlackElo "2442"]
[PlyCount "41"]
[EventDate "2002.07.??"]
[EventType "swiss"]
[EventRounds "9"]
[EventCountry "UKR"]
[SourceTitle "EXT 2003"]
[Source "ChessBase"]
[SourceDate "2002.11.25"]
[SourceVersion "1"]
[SourceVersionDate "2002.11.25"]
[SourceQuality "1"]

1. d4 Nf6 2. Nc3 c5 3. d5 d6 4. e4 g6 5. Be2 Bg7 6. Nf3 0-0 7. 0-0 Na6 8. Nd2 Nc7 9. a4 e6 10. Nc4 exd5 11. exd5 Nfe8 12. Bf4 g5 13. Bd2 f5 14. h4 h6 15. hxg5 hxg5 16. Bd3 Bf6 17. Qh5 Rf7 18. Ne3 Rh7 19. Qg6+ Rg7 20. Qh5 Rh7 21. Qg6+ 1/2-1/2

[Event "Stepichev Memorial 09th"]
[Site "Kiev"]
[Date "2001.12.??"]
[Round "3"]
[White "Mazurok, Alexey"]
[Black "Fomin, Vladimir Aleksander"]
[Result "1-0"]
[WhiteElo "2442"]
[BlackElo "2178"]
[PlyCount "71"]
[EventDate "2001.12.24"]
[EventType "swiss"]
[EventRounds "9"]
[EventCountry "UKR"]
[SourceTitle "EXT 2003"]
[Source "ChessBase"]
[SourceDate "2002.11.25"]
[SourceVersion "1"]
[SourceVersionDate "2002.11.25"]
[SourceQuality "1"]

1. Nf3 d5 2. g3 Nf6 3. Bg2 Bf5 4. 0-0 e6 5. d3 h6 6. Nbd2 Be7 7. c4 c6 8. b3 0-0 9. Bb2 Nbd7 10. Qc2 Rc8 11. a3 Bh7 12. b4 b5 13. cxb5 cxb5 14. Qb1 a5 15. Bd4 a4 16. Qb2 Qc7 17. Rac1 Qb8 18. Ne5 Nxe5 19. Bxe5 Qb7 20. Nf3 Rxc1 21. Rxc1 Rc8 22. Rxc8+ Qxc8 23. Nd4 Qd7 24. Qc3 Ne8 25. Qc6 Qxc6 26. Nxc6 Bd6 27. f4 f6 28. Bxd6 Nxd6 29. Nd8 Bf5 30. Bf3 Nf7 31. Nc6 Nd6 32. Kf2 Kf8 33. Ke3 Bg6 34. Kd4 Be8 35. Kc5 Bxc6 36. Kxd6 1-0

[Event "Kiev-ch"]
[Site "Kiev"]
[Date "2000.??.??"]
[Round "?"]
[White "Burakovsky, Marat"]
[Black "Mazurok, Alexey"]
[Result "0-1"]
[WhiteElo "2052"]
[BlackElo "2302"]
[PlyCount "125"]
[EventDate "2000.??.??"]
[EventType "swiss"]
[EventRounds "11"]
[EventCountry "UKR"]
[SourceTitle "EXT 2001"]
[Source "ChessBase"]
[SourceDate "2000.11.22"]
[SourceVersion "1"]
[SourceVersionDate "2000.11.22"]
[SourceQuality "1"]

1. e4 c5 2. Nc3 Nc6 3. f4 e6 4. Nh3 d5 5. d3 Nf6 6. Nf2 Be7 7. g3 b5 8. Bg2 b4 9. Ne2 0-0 10. 0-0 a5 11. g4 dxe4 12. g5 Ne8 13. Ng3 Ra6 14. Ngxe4 Nd4 15. Ng4 Qc7 16. Ne3 Nd6 17. Ng3 N6f5 18. Ngxf5 Nxf5 19. Nxf5 exf5 20. b3 Bb7 21. Bb2 a4 22. Bxb7 Qxb7 23. Qf3 Qxf3 24. Rxf3 axb3 25. axb3 Rxa1+ 26. Bxa1 Ra8 27. Rf1 Bd6 28. Be5 Bxe5 29. fxe5 Ra2 30. Rc1 Kf8 31. Kf2 Ke7 32. Ke3 Ke6 33. d4 Kd5 34. c4+ bxc3 35. dxc5 Rxh2 36. b4 Rb2 37. Rxc3 Rxb4 38. c6 Rb8 39. Kf4 Ke6 40. c7 Rc8 41. Rc6+ Kd7 42. Rd6+ Ke7 43. Kxf5 Rxc7 44. Rd4 Rc1 45. Ra4 g6+ 46. Ke4 Rf1 47. Ra7+ Kf8 48. Ra8+ Kg7 49. Ra7 h6 50. gxh6+ Kxh6 51. Re7 Kg5 52. Ke3 Kg4 53. Ke2 Rf5 54. Ke3 g5 55. Ke4 Rf1 56. Ke3 Kg3 57. Ke2 Rf5 58. Kd3 g4 59. e6 fxe6 60. Rxe6 Kf2 61. Re2+ Kf1 62. Re4 g3 63. Kd2 0-1

[Event "Kiev-ch"]
[Site "Kiev"]
[Date "2000.??.??"]
[Round "?"]
[White "Datsuk, Taras"]
[Black "Mazurok, Alexey"]
[Result "0-1"]
[WhiteElo "2276"]
[BlackElo "2302"]
[PlyCount "50"]
[EventDate "2000.??.??"]
[EventType "swiss"]
[EventRounds "11"]
[EventCountry "UKR"]
[SourceTitle "EXT 2001"]
[Source "ChessBase"]
[SourceDate "2000.11.22"]
[SourceVersion "1"]
[SourceVersionDate "2000.11.22"]
[SourceQuality "1"]

1. e4 e5 2. f4 exf4 3. Bc4 Nf6 4. Nc3 c6 5. Qe2 Bb4 6. Bxf7+ Kxf7 7. Qc4+ d5 8. Qxb4 Na6 9. Qa3 dxe4 10. Nce2 Nd5 11. Nh3 f3 12. 0-0 Bxh3 13. gxh3 Qb6+ 14. Kh1 Qb4 15. d3 Qxa3 16. bxa3 Nf6 17. Ng3 exd3 18. cxd3 Rhd8 19. Rxf3 Nc5 20. Rb1 b6 21. Bb2 Rxd3 22. Rf2 Rad8 23. Bxf6 Rd1+ 24. Kg2 gxf6 25. Rb4 Nd3 0-1

[Event "Kiev-ch"]
[Site "Kiev"]
[Date "2000.??.??"]
[Round "?"]
[White "Mazurok, Alexey"]
[Black "Matorin, Evgeny"]
[Result "1/2-1/2"]
[WhiteElo "2302"]
[BlackElo "2472"]
[PlyCount "51"]
[EventDate "2000.??.??"]
[EventType "swiss"]
[EventRounds "11"]
[EventCountry "UKR"]
[SourceTitle "EXT 2001"]
[Source "ChessBase"]
[SourceDate "2000.11.22"]
[SourceVersion "1"]
[SourceVersionDate "2000.11.22"]
[SourceQuality "1"]

1. e4 c5 2. Nf3 Nc6 3. Bb5 g6 4. 0-0 Bg7 5. Re1 e5 6. Bxc6 dxc6 7. d3 Ne7 8. Be3 b6 9. Nbd2 0-0 10. Nc4 f6 11. a4 Be6 12. a5 Qc7 13. Qe2 Rab8 14. axb6 axb6 15. c3 Nc8 16. d4 cxd4 17. cxd4 exd4 18. Nxd4 Bf7 19. Rec1 c5 20. Nb5 Qc6 21. Bf4 Ra8 22. Rxa8 Qxa8 23. Nbd6 Nxd6 24. Bxd6 Re8 25. Nxb6 Rxe4 26. Qb5 1/2-1/2

[Event "Kiev Independence Cup op"]
[Site "Kiev"]
[Date "1999.??.??"]
[Round "?"]
[White "Koutsin, Sergey"]
[Black "Mazurok, Alexey"]
[Result "1/2-1/2"]
[WhiteElo "2414"]
[BlackElo "2263"]
[PlyCount "23"]
[EventDate "1999.??.??"]
[EventType "swiss"]
[EventRounds "11"]
[EventCountry "UKR"]
[SourceTitle "EXT 2002"]
[Source "ChessBase"]
[SourceDate "2001.11.25"]
[SourceVersion "1"]
[SourceVersionDate "2001.11.25"]
[SourceQuality "1"]

1. d4 Nf6 2. c4 e6 3. Nf3 Bb4+ 4. Nbd2 d5 5. e3 0-0 6. a3 Be7 7. Bd3 b6 8. 0-0 Bb7 9. b4 c5 10. bxc5 bxc5 11. Rb1 Ba6 12. dxc5 1/2-1/2

[Event "Kiev-ch"]
[Site "Kiev"]
[Date "1999.??.??"]
[Round "8"]
[White "Mazurok, Alexey"]
[Black "Chichkin, Vasily"]
[Result "1/2-1/2"]
[WhiteElo "2263"]
[BlackElo "2357"]
[PlyCount "23"]
[EventDate "1999.02.??"]
[EventType "swiss"]
[EventRounds "11"]
[EventCountry "UKR"]
[SourceTitle "EXT 2000"]
[Source "ChessBase"]
[SourceDate "1999.11.16"]
[SourceVersion "1"]
[SourceVersionDate "1999.11.16"]
[SourceQuality "1"]

1. e4 e5 2. f4 Nf6 3. fxe5 Nxe4 4. Nf3 Ng5 5. d4 Nxf3+ 6. Qxf3 Qh4+ 7. Qf2 Qxf2+ 8. Kxf2 Nc6 9. c3 d6 10. exd6 Bxd6 11. Nd2 Be7 12. Bb5 1/2-1/2

[Event "Kiev Independence Cup op"]
[Site "Kiev"]
[Date "1999.??.??"]
[Round "?"]
[White "Mazurok, Alexey"]
[Black "Kislinsky, Alexey"]
[Result "1/2-1/2"]
[WhiteElo "2263"]
[BlackElo "2231"]
[PlyCount "66"]
[EventDate "1999.??.??"]
[EventType "swiss"]
[EventRounds "11"]
[EventCountry "UKR"]
[SourceTitle "EXT 2002"]
[Source "ChessBase"]
[SourceDate "2001.11.25"]
[SourceVersion "1"]
[SourceVersionDate "2001.11.25"]
[SourceQuality "1"]

1. Nf3 g6 2. g3 Bg7 3. Bg2 Nf6 4. 0-0 d6 5. d4 0-0 6. c4 Nbd7 7. Nc3 e5 8. Qc2 c6 9. Rd1 Re8 10. h3 e4 11. Nh2 d5 12. cxd5 cxd5 13. Bf4 a6 14. Ng4 Nxg4 15. Nxd5 Ndf6 16. Nc7 e3 17. hxg4 exf2+ 18. Kf1 Nxg4 19. Nxe8 Qxe8 20. Qb3 h6 21. Bxb7 g5 22. Bxa8 gxf4 23. gxf4 Be6 24. Qb7 Bc4 25. Qe4 Qd8 26. Kg2 f5 27. Qc6 Kh7 28. Rd3 Bxd3 29. exd3 Qh4 30. Qe6 Qh2+ 31. Kf1 Ne3+ 32. Qxe3 Qg1+ 33. Ke2 Qxa1 1/2-1/2

[Event "Kiev Independence Cup op"]
[Site "Kiev"]
[Date "1999.??.??"]
[Round "?"]
[White "Mazurok, Alexey"]
[Black "Shianovsky, Vladislav I"]
[Result "1-0"]
[WhiteElo "2263"]
[BlackElo "2328"]
[PlyCount "81"]
[EventDate "1999.??.??"]
[EventType "swiss"]
[EventRounds "11"]
[EventCountry "UKR"]
[SourceTitle "EXT 2002"]
[Source "ChessBase"]
[SourceDate "2001.11.25"]
[SourceVersion "1"]
[SourceVersionDate "2001.11.25"]
[SourceQuality "1"]

1. e4 e5 2. Nf3 Nc6 3. Nc3 g6 4. d4 exd4 5. Nxd4 Bg7 6. Be3 Nf6 7. Nxc6 bxc6 8. e5 Ng8 9. Bd4 Qe7 10. Qe2 Bb7 11. Ne4 a5 12. 0-0-0 Ba6 13. Qd2 Bxf1 14. Rhxf1 Bxe5 15. Bxe5 Qxe5 16. Qxd7+ Kf8 17. Qxc6 Re8 18. Qc3 Kg7 19. Rd5 Qxc3 20. Nxc3 h5 21. h4 a4 22. Ra5 Nf6 23. Rxa4 Re7 24. Rc4 c5 25. f4 Re3 26. Rxc5 Rg3 27. Rf2 Rg4 28. b4 Rxh4 29. b5 Rh1+ 30. Kb2 Ng4 31. Re2 Rf1 32. Nd5 h4 33. b6 Rb8 34. Rb5 Nf6 35. Nxf6 Kxf6 36. Rb4 Kf5 37. a4 Rxf4 38. Rxf4+ Kxf4 39. a5 g5 40. c4 g4 41. c5 1-0

[Event "Kiev Independence Cup op"]
[Site "Kiev"]
[Date "1999.??.??"]
[Round "?"]
[White "Mazurok, Alexey"]
[Black "Zakharchenko, Arnold"]
[Result "1/2-1/2"]
[WhiteElo "2263"]
[BlackElo "2309"]
[PlyCount "45"]
[EventDate "1999.??.??"]
[EventType "swiss"]
[EventRounds "11"]
[EventCountry "UKR"]
[SourceTitle "EXT 2002"]
[Source "ChessBase"]
[SourceDate "2001.11.25"]
[SourceVersion "1"]
[SourceVersionDate "2001.11.25"]
[SourceQuality "1"]

1. e4 c5 2. Nf3 Nc6 3. d4 cxd4 4. Nxd4 g6 5. c4 Bg7 6. Be3 Nh6 7. Be2 d6 8. Qd2 Ng4 9. Bxg4 Bxg4 10. Nc3 Be6 11. b3 Qa5 12. 0-0 0-0 13. f4 Rac8 14. f5 Bd7 15. Rad1 Rfe8 16. Nxc6 Bxc6 17. Bd4 Bxd4+ 18. Qxd4 b5 19. fxg6 hxg6 20. cxb5 Bxb5 21. Rf3 Bd7 22. e5 Bc6 23. Nd5 1/2-1/2